| 000 | 00473pab a2200181 454500 | ||
|---|---|---|---|
| 008 | 180718b2010 xxu||||| |||| 00| 0 eng d | ||
| 100 | _aPillai, Mohanan B. | ||
| 245 | _aInterrogating India's foreign policy: A study in global perspective | ||
| 260 | _c2010 | ||
| 300 | _ap.1-8. | ||
| 362 | _aJan-Mar | ||
| 650 | _aIndia - Foreign relations | ||
| 650 | _aInternational relations | ||
| 700 | _aJoshy, P.M. | ||
| 773 | _aISDA Journal | ||
| 908 | _aN | ||
| 909 | _a89974 | ||
| 999 |
_c89974 _d89974 |
||